header

The surface chemistry of natural particles (Record no. 101997)

MARC details
000 -LEADER
fixed length control field 01254nam a22003254a 4500
082 04 - DEWEY DECIMAL CLASSIFICATION NUMBER
Classification number 541.3/3
100 1# - MAIN ENTRY--AUTHOR NAME
Personal name Sposito, Garrison,
245 14 - TITLE STATEMENT
Title The surface chemistry of natural particles
260 ## - PUBLICATION, DISTRIBUTION, ETC. (IMPRINT)
Place of publication Oxford ;
-- New York :
Name of publisher Oxford University Press,
Year of publication 2004.
300 ## - PHYSICAL DESCRIPTION
Number of Pages x, 242 p. :
Other physical details ill.
650 #0 - SUBJECT ADDED ENTRY--TOPICAL TERM
Topical Term Sediments (Geology)
Topical Term Adsorption.
Topical Term Solid-liquid interfaces.
Topical Term Surface chemistry.
856 40 - ELECTRONIC LOCATION AND ACCESS
Uniform Resource Identifier http://site.ebrary.com/lib/rucke/Doc?id=10103519

No items available.

© 2026 Rongo University
Contact us: librarian | system librarian | Rongo university